[Event "Main Vogelsberg op 4th"]
[Site "Heusenstamm"]
[Date "2009.05.02"]
[Round "5"]
[White "Storch, Dominik"]
[Black "Hahn, Florian"]
[Result "0-1"]
[WhiteElo "1931"]
[BlackElo "1575"]
[PlyCount "62"]
[EventDate "2009.04.30"]
[EventType "swiss"]
[EventRounds "7"]
[EventCountry "GER"]
[SourceTitle "CBM 130 Extra"]
[Source "ChessBase"]
[SourceDate "2009.07.02"]
[SourceVersion "2"]
[SourceVersionDate "2009.07.15"]
[SourceQuality "1"]

1. d4 Nf6 2. Nf3 e6 3. Nbd2 b6 4. e4 d6 5. Bd3 Bb7 6. 0-0 Be7 7. Qe2 c5 8. c3 Nbd7 9. Nc4 d5 10. exd5 Nxd5 11. Be3 N7f6 12. Rad1 Qc7 13. Nce5 0-0 14. Bb1 Rac8 15. dxc5 bxc5 16. Rfe1 Nxe3 17. Qxe3 Bd6 18. h3 Rcd8 19. Nc4 Bf4 20. Qe2 g6 21. g3 Bxg3 22. Nfe5 Bxe5 23. Nxe5 Rd5 24. Ng4 Nxg4 25. hxg4 Rxd1 26. Qxd1 Rd8 27. Qe2 Qf4 28. Rd1 Rxd1+ 29. Qxd1 Bf3 30. Qf1 Qxg4+ 31. Kh2 Qh4+ 0-1

[Event "Hessen-ch Gr-D"]
[Site "Idstein"]
[Date "2009.04.12"]
[Round "5"]
[White "Aleanakian, Gabriel"]
[Black "Storch, Dominik"]
[Result "1/2-1/2"]
[WhiteElo "1725"]
[BlackElo "1931"]
[PlyCount "37"]
[EventDate "2009.04.10"]
[EventType "swiss"]
[EventRounds "5"]
[EventCountry "GER"]
[SourceTitle "EXT 2010"]
[Source "ChessBase"]
[SourceDate "2010.11.25"]
[SourceVersion "1"]
[SourceVersionDate "2010.11.25"]
[SourceQuality "1"]

1. Nf3 d5 2. c4 d4 3. e3 c5 4. b4 dxe3 5. fxe3 cxb4 6. d4 g6 7. Be2 Bg7 8. a3 e5 9. 0-0 e4 10. Ne5 Bxe5 11. dxe5 Qxd1 12. Bxd1 bxa3 13. Nxa3 a6 14. Nb5 Kd8 15. Nd6 Nh6 16. Bb2 Be6 17. Bc2 Kc7 18. Bxe4 Nc6 19. h3 1/2-1/2

[Event "Hessen-ch Gr-D"]
[Site "Idstein"]
[Date "2009.04.11"]
[Round "4"]
[White "Gertz, Berthold"]
[Black "Storch, Dominik"]
[Result "0-1"]
[WhiteElo "1993"]
[BlackElo "1931"]
[PlyCount "72"]
[EventDate "2009.04.10"]
[EventType "swiss"]
[EventRounds "5"]
[EventCountry "GER"]
[SourceTitle "EXT 2010"]
[Source "ChessBase"]
[SourceDate "2010.11.25"]
[SourceVersion "1"]
[SourceVersionDate "2010.11.25"]
[SourceQuality "1"]

1. d4 d5 2. c4 c6 3. Nc3 a6 4. e3 Nf6 5. Bd3 Bg4 6. f3 Bh5 7. Qc2 e6 8. Nge2 Be7 9. e4 dxc4 10. Bxc4 Nbd7 11. Be3 0-0 12. Bd3 Rc8 13. e5 Nd5 14. Bf2 Bg6 15. Bxg6 hxg6 16. Nxd5 cxd5 17. Qb3 Qa5+ 18. Nc3 Bb4 19. Rc1 b5 20. 0-0 Bxc3 21. Rxc3 Rxc3 22. bxc3 Rc8 23. Be1 Rc4 24. Rf2 Nb6 25. Kf1 Na4 26. Rc2 Qc7 27. Ke2 f6 28. f4 g5 29. g3 fxe5 30. fxe5 Qf7 31. Bd2 g4 32. Bf4 g5 33. Bxg5 Qf3+ 34. Kd2 b4 35. Qxa4 bxc3+ 36. Rxc3 Qxc3+ 0-1

[Event "Hessen-ch Gr-D"]
[Site "Idstein"]
[Date "2009.04.11"]
[Round "3"]
[White "Storch, Dominik"]
[Black "Fischer, Ulrich"]
[Result "0-1"]
[WhiteElo "1931"]
[BlackElo "1672"]
[PlyCount "98"]
[EventDate "2009.04.10"]
[EventType "swiss"]
[EventRounds "5"]
[EventCountry "GER"]
[SourceTitle "EXT 2010"]
[Source "ChessBase"]
[SourceDate "2010.11.25"]
[SourceVersion "1"]
[SourceVersionDate "2010.11.25"]
[SourceQuality "1"]

1. e4 e5 2. Nf3 Nf6 3. d4 Nxe4 4. Bd3 d5 5. Nxe5 Be7 6. 0-0 0-0 7. Nd2 Nxd2 8. Bxd2 Nd7 9. f4 f5 10. c4 c6 11. Qb3 Nf6 12. cxd5 cxd5 13. Bb4 Bxb4 14. Qxb4 a5 15. Qd2 Be6 16. b3 Qb6 17. Be2 Ne4 18. Qd3 Rfc8 19. Rac1 a4 20. Nf3 Bd7 21. bxa4 Bxa4 22. Rb1 Qa7 23. Rfc1 Bc6 24. Rb2 Ba4 25. Qb1 Nc3 26. Rxc3 Rxc3 27. Qxf5 Bc6 28. Rd2 Rf8 29. Qe6+ Kh8 30. Ne5 Be8 31. g3 Rc1+ 32. Kg2 Qa5 33. Rb2 Rc7 34. Nf3 Qc3 35. Rd2 Qc6 36. Qh3 Qf6 37. Ng5 Bg6 38. Bd3 Bxd3 39. Rxd3 Qg6 40. Rd2 Rc2 41. Rf2 Rxf2+ 42. Kxf2 Qxg5 43. Qe6 Qd8 44. Kf3 Re8 45. Qf7 Re7 46. Qf5 b5 47. h4 Re1 48. h5 Qe8 49. Qxd5 Qe2# 0-1